Control automático de un péndulo invertido utilizando la plataforma Arduino
Պահպանված է:
| Հիմնական հեղինակ: | |
|---|---|
| Այլ հեղինակներ: | |
| Ձևաչափ: | Գիրք |
| Լեզու: | Spanish |
| Հրապարակվել է: |
[San José], Costa Rica
2015
|
| Խորագրեր: | |
| Ցուցիչներ: |
Ավելացրեք ցուցիչ
Չկան պիտակներ, Եղեք առաջինը, ով նշում է այս գրառումը!
|
MARC
| LEADER | 00000nam a22000007a 4500 | ||
|---|---|---|---|
| 003 | 012424 | ||
| 005 | 20230913143801.0 | ||
| 008 | 160715b20 cr a|||| |||| 00| ||spa d | ||
| 040 | |c cru CEDI | ||
| 090 | |a TFG 7582 | ||
| 100 | |9 316 |a Oscar Pauly Calvo, 1989- | ||
| 245 | |a Control automático de un péndulo invertido utilizando la plataforma Arduino | ||
| 260 | |a [San José], Costa Rica |c 2015 | ||
| 300 | |a xi, 48 hojas; ilustraciones | ||
| 500 | |a Proyecto de graduación (bachillerato en ingeniería eléctrica)--Universidad de Costa Rica. Facultad de Ingeniería. Escuela de Ingeniería Eléctrica | ||
| 501 | |a Profesor Guía de IE-0499 Proyecto Eléctrico: José David Rojas Fernández, Ph.D. | ||
| 650 | |x CONTROLADORES LOGICOS PROGRAMABLES |x CONTROL AUTOMATICO |x PENDULO |x ARDUINO (CONTROLADOR PROGRAMABLE) |9 5246 | ||
| 700 | |9 701 |a Rojas Fernández, José David, 1984- |d Director de Proyecto Eléctrico | ||
| 942 | |c CEDI | ||
| 999 | |c 17005 |d 17005 | ||
